| 000 -LEADER |
| fixed length control field |
00327nam a22001337a 4500 |
| 008 - FIXED-LENGTH DATA ELEMENTS--GENERAL INFORMATION |
| fixed length control field |
200728b ||||| |||| 00| 0 eng d |
| 100 ## - MAIN ENTRY--PERSONAL NAME |
| 9 (RLIN) |
548 |
| Personal name |
Taylor, J. E. |
| 245 10 - TITLE STATEMENT |
| Title |
Engineer design |
| 260 ## - PUBLICATION, DISTRIBUTION, ETC. (IMPRINT) |
| Place of publication, distribution, etc |
London |
| Name of publisher, distributor, etc |
Pitman |
| Date of publication, distribution, etc |
1950 |
| 300 ## - PHYSICAL DESCRIPTION |
| Extent |
220 p. |
| 365 ## - TRADE PRICE |
| Unit of pricing |
13.08 |
| 650 #0 - SUBJECT ADDED ENTRY--TOPICAL TERM |
| Topical term or geographic name as entry element |
Engineering design |
| 942 ## - ADDED ENTRY ELEMENTS (KOHA) |
| Item type |
Books |